| 000 | 00458nam a22001697a 4500 | ||
|---|---|---|---|
| 003 | NUST - PNEC | ||
| 005 | 20170116181139.0 | ||
| 008 | 151007b xxu||||| |||| 00| 0 eng d | ||
| 020 | _a0071238182 | ||
| 040 | _cLIBRARY | ||
| 082 | _a629.1 AND | ||
| 100 |
_914519 _a Anderson, John D |
||
| 245 |
_aIntroduction to flight : its engineering and history _cJohn D,Anderson |
||
| 250 | _a5th ed | ||
| 650 |
_914520 _aAerodynamics _xGeneral |
||
| 942 |
_2ddc _cBK |
||
| 999 |
_c70397 _d70397 |
||